[Event "34. Open Ciutat de Badalona 2008"]
[Site "Badalona ESP"]
[Date "2008.08.01"]
[Round "1.1"]
[White "Gomez, Gustavo Pizzocaro"]
[Black "Sundararajan, Kidambi"]
[Result "0-1"]
[WhiteElo "2076"]
[BlackElo "2446"]
[PlyCount "74"]
[EventDate "2008.08.01"]
[EventType "swiss"]
[EventRounds "9"]
[EventCountry "ESP"]
[SourceTitle "Ajedrez en Madrid"]
[Source "lmi"]
[SourceDate "2008.08.01"]
[SourceVersion "1"]
[SourceVersionDate "2018.07.18"]
[SourceQuality "1"]

1. e4 c5 2. Nf3 e6 3. d4 cxd4 4. Nxd4 Nf6 5. Nc3 d6 6. Be2 a6 7. O-O Qc7 8. Kh1
b5 9. f3 Nbd7 10. Nb3 Bb7 11. a3 Be7 12. Be3 O-O 13. Qe1 d5 14. exd5 Nxd5 15.
Nxd5 Bxd5 16. Rc1 Rac8 17. Nd4 Nb6 18. c3 Nc4 19. Bxc4 Bxc4 20. Rg1 Rfe8 21.
Ra1 Bf6 22. Qg3 Qxg3 23. hxg3 g6 24. Rge1 e5 25. Nc2 a5 26. a4 bxa4 27. Bb6 Bb3
28. Ne3 Bd8 29. Bxd8 Rexd8 30. Re2 f6 31. f4 exf4 32. gxf4 Re8 33. Rae1 Re4 34.
Nf1 Rxf4 35. Nd2 Bd5 36. Kh2 a3 37. g3 Rf5 0-1

[Event "34. Open Ciutat de Badalona 2008"]
[Site "Badalona ESP"]
[Date "2008.08.01"]
[Round "1.2"]
[White "Gutierrez Anso, Jose"]
[Black "Panchanathan, Magesh Chandran"]
[Result "0-1"]
[WhiteElo "2076"]
[BlackElo "2486"]
[PlyCount "78"]
[EventDate "2008.08.01"]
[EventType "swiss"]
[EventRounds "9"]
[EventCountry "ESP"]
[SourceTitle "Ajedrez en Madrid"]
[Source "lmi"]
[SourceDate "2008.08.01"]
[SourceVersion "1"]
[SourceVersionDate "2018.07.18"]
[SourceQuality "1"]

1. e4 e5 2. Nf3 Nc6 3. Nc3 Nf6 4. d4 exd4 5. Nxd4 Bb4 6. Nxc6 bxc6 7. Bd3 d5 8.
exd5 cxd5 9. O-O O-O 10. Bg5 c6 11. Ne2 Re8 12. c3 Bd6 13. Nd4 c5 14. Nf5 Bxf5
15. Bxf5 Re5 16. Qf3 g6 17. Bxf6 Qxf6 18. Bg4 Qe7 19. Rad1 h5 20. Bh3 Rd8 21.
g3 Bc7 22. Rd2 d4 23. cxd4 cxd4 24. Rd3 Re2 25. Rb1 Bb6 26. Bf1 Rc2 27. Qf4 Kg7
28. a3 Rd5 29. Rd2 g5 30. Qf3 Rxd2 31. Qxd5 Qf6 32. f3 h4 33. gxh4 gxh4 34. Qh5
d3+ 35. Kh1 Bc7 36. Qg4+ Kh6 37. Bg2 Re2 38. f4 Qxf4 39. Qxf4+ Bxf4 0-1

[Event "34. Open Ciutat de Badalona 2008"]
[Site "Badalona ESP"]
[Date "2008.08.01"]
[Round "1.4"]
[White "Karlsson, Lars"]
[Black "Clopes Llahi, Judit"]
[Result "1-0"]
[WhiteElo "2476"]
[BlackElo "2076"]
[PlyCount "101"]
[EventDate "2008.08.01"]
[EventType "swiss"]
[EventRounds "9"]
[EventCountry "ESP"]
[SourceTitle "Ajedrez en Madrid"]
[Source "lmi"]
[SourceDate "2008.08.01"]
[SourceVersion "1"]
[SourceVersionDate "2018.07.18"]
[SourceQuality "1"]

1. f4 d5 2. Nf3 c5 3. e3 Nf6 4. Bb5+ Bd7 5. a4 Nc6 6. O-O e6 7. b3 Be7 8. Bb2
a6 9. Bxc6 Bxc6 10. Ne5 Qc7 11. d3 O-O 12. a5 Rad8 13. Nd2 b6 14. axb6 Qxb6 15.
Nxc6 Qxc6 16. Ra2 Ra8 17. Qe2 Nd7 18. e4 Rfe8 19. Qf3 f6 20. f5 Nb6 21. Kh1
Rec8 22. fxe6 Qxe6 23. Bc3 dxe4 24. Nxe4 Nd5 25. Raa1 Nb4 26. Rae1 Qd7 27. Qh5
Rf8 28. Bxb4 cxb4 29. Nd2 Rfe8 30. Nc4 Qc6 31. Re4 Bf8 32. Rh4 h6 33. Qg6 Kh8
34. Rh5 Qe6 35. h3 Qe2 36. Rc1 Qf2 37. Rf5 Re1+ 38. Rxe1 Qxe1+ 39. Kh2 Re8 40.
Qf7 Qe6 41. Qxe6 Rxe6 42. Kg3 g6 43. Ra5 Re2 44. Rxa6 Rxc2 45. Rxf6 Kg7 46. Rf3
Rc3 47. d4 Rc1 48. Kf4 Be7 49. Ke4 Bf6 50. Nd6 Bd8 51. Kd5 1-0

[Event "34. Open Ciutat de Badalona 2008"]
[Site "Badalona ESP"]
[Date "2008.08.01"]
[Round "1.5"]
[White "Menac Comas, Joan Ramon"]
[Black "Almeida Quintana, Omar"]
[Result "1-0"]
[WhiteElo "2096"]
[BlackElo "2524"]
[PlyCount "71"]
[EventDate "2008.08.01"]
[EventType "swiss"]
[EventRounds "9"]
[EventCountry "ESP"]
[SourceTitle "Ajedrez en Madrid"]
[Source "lmi"]
[SourceDate "2008.08.01"]
[SourceVersion "1"]
[SourceVersionDate "2018.07.18"]
[SourceQuality "1"]

1. d4 Nf6 2. Nc3 d5 3. e4 dxe4 4. f3 exf3 5. Nxf3 Bg4 6. h3 Bh5 7. g4 Bg6 8.
Ne5 e6 9. Qf3 c6 10. g5 Nfd7 11. Nxg6 hxg6 12. Bd3 Bd6 13. O-O Qe7 14. Be3 Nb6
15. Ne4 Bc7 16. c4 N8d7 17. b4 O-O 18. a3 e5 19. Rae1 exd4 20. Bxd4 Ne5 21.
Bxe5 Bxe5 22. h4 a5 23. c5 axb4 24. axb4 Nd5 25. Nd6 Bd4+ 26. Kh1 Qd7 27. Bc4
b6 28. b5 Bxc5 29. bxc6 Qxd6 30. Bxd5 Ra3 31. Bb3 Qd4 32. Bxf7+ Kh8 33. Qe4 Qd6
34. Be6 Rxf1+ 35. Rxf1 Re3 36. c7 1-0

[Event "34. Open Ciutat de Badalona 2008"]
[Site "Badalona ESP"]
[Date "2008.08.01"]
[Round "1.6"]
[White "Munoz Pantoja, Miguel"]
[Black "Moreno Martin, Daniel"]
[Result "0-1"]
[WhiteElo "2499"]
[BlackElo "2091"]
[PlyCount "120"]
[EventDate "2008.08.01"]
[EventType "swiss"]
[EventRounds "9"]
[EventCountry "ESP"]
[SourceTitle "Ajedrez en Madrid"]
[Source "lmi"]
[SourceDate "2008.08.01"]
[SourceVersion "1"]
[SourceVersionDate "2018.07.18"]
[SourceQuality "1"]

1. e4 e6 2. g3 d5 3. Bg2 dxe4 4. Bxe4 Nf6 5. Bg2 c5 6. Nf3 Nc6 7. O-O Be7 8. d3
O-O 9. Nc3 e5 10. Re1 Bg4 11. h3 Bxf3 12. Qxf3 h6 13. Be3 Qc7 14. Rac1 Rfd8 15.
g4 Nd4 16. Qg3 Ne6 17. Nb5 Qb8 18. Bd2 Nd7 19. Bd5 Bg5 20. Bxg5 Nxg5 21. h4 Nh7
22. g5 hxg5 23. hxg5 g6 24. Kg2 a6 25. Nc3 Qd6 26. Rh1 Ndf8 27. Rce1 Re8 28.
Re4 Rad8 29. Reh4 Qe7 30. Ne4 Rxd5 31. Rxh7 Nxh7 32. Qh4 f5 33. gxf6 Qd7 34.
Ng5 Nxg5 35. Qxg5 Qf5 36. Rh8+ Kf7 37. Qh6 Qg4+ 38. Kf1 Qd1+ 39. Kg2 Qg4+ 40.
Kf1 Rxh8 41. Qxh8 Qd1+ 42. Kg2 Qg4+ 43. Kf1 Qd1+ 44. Kg2 Qg4+ 45. Kf1 Rd4 46.
Qg7+ Ke6 47. Qe7+ Kf5 48. Ke1 Qg5 49. Qxc5 Qxf6 50. Ke2 Kg5 51. c3 Rf4 52. b4
Kh6 53. a4 Qc6 54. Qxe5 Qf3+ 55. Kd2 Qxf2+ 56. Kc1 Rf8 57. Kb1 Qf4 58. Qe7 Qf6
59. Qe3+ Kg7 60. Qe4 Qxc3 0-1

[Event "34. Open Ciutat de Badalona 2008"]
[Site "Badalona ESP"]
[Date "2008.08.01"]
[Round "1.7"]
[White "Moskalenko, Viktor"]
[Black "Molano Lafuente, Ismael"]
[Result "1-0"]
[WhiteElo "2569"]
[BlackElo "2107"]
[PlyCount "81"]
[EventDate "2008.08.01"]
[EventType "swiss"]
[EventRounds "9"]
[EventCountry "ESP"]
[SourceTitle "Ajedrez en Madrid"]
[Source "lmi"]
[SourceDate "2008.08.01"]
[SourceVersion "1"]
[SourceVersionDate "2018.07.18"]
[SourceQuality "1"]

1. d4 Nf6 2. c4 e6 3. Nc3 Bb4 4. Qc2 O-O 5. a3 Bxc3+ 6. Qxc3 Ne4 7. Qc2 f5 8.
Nf3 b6 9. g3 Bb7 10. Bg2 d6 11. O-O Nd7 12. Ng5 Nxg5 13. Bxb7 Rb8 14. Bg2 a5
15. b4 axb4 16. axb4 Nf7 17. Ra7 Nf6 18. d5 e5 19. Qxf5 Ra8 20. Rxa8 Qxa8 21.
Qc2 Qb7 22. Bh3 b5 23. Be6 Kh8 24. e4 Nd8 25. Bh3 c6 26. Bg5 bxc4 27. Bxf6 gxf6
28. Qxc4 Rf7 29. dxc6 Qxc6 30. Rc1 Rc7 31. Qxc6 Rxc6 32. Rxc6 Nxc6 33. b5 Nb8
34. Kf1 Kg8 35. Ke2 Kf7 36. Kd3 Ke7 37. Kc4 Kd8 38. b6 Ke8 39. Kd5 Ke7 40. b7
h6 41. Bg4 1-0

[Event "34. Open Ciutat de Badalona 2008"]
[Site "Badalona ESP"]
[Date "2008.08.01"]
[Round "1.9"]
[White "Albero Figueras, Emilio"]
[Black "Cuartas, Jaime Alexander"]
[Result "0-1"]
[WhiteElo "2089"]
[BlackElo "2495"]
[PlyCount "62"]
[EventDate "2008.08.01"]
[EventType "swiss"]
[EventRounds "9"]
[EventCountry "ESP"]
[SourceTitle "Ajedrez en Madrid"]
[Source "lmi"]
[SourceDate "2008.08.01"]
[SourceVersion "1"]
[SourceVersionDate "2018.07.18"]
[SourceQuality "1"]

1. d4 d5 2. e3 Nf6 3. Bd3 c5 4. b3 Nc6 5. Bb2 Bg4 6. Ne2 cxd4 7. exd4 e6 8. f3
Bh5 9. Ng3 Bg6 10. O-O Bd6 11. f4 Qc7 12. Qf3 Bxd3 13. cxd3 Qb6 14. Ne2 e5 15.
Kh1 exd4 16. Ng3 g6 17. Re1+ Kf8 18. f5 Ne5 19. Qf1 g5 20. Nd2 Nc6 21. Nf3 g4
22. Ng1 h5 23. N3e2 Re8 24. Qf2 h4 25. h3 Nh5 26. Rac1 Rh6 27. Rc2 Bg3 28. Nxg3
Nxg3+ 29. Kh2 Rxe1 30. Qxe1 Qc7 31. Ba3+ Kg7 0-1

[Event "34. Open Ciutat de Badalona 2008"]
[Site "Badalona ESP"]
[Date "2008.08.01"]
[Round "1.11"]
[White "Perez Mitjans, Orelvis"]
[Black "Molinero Martin, Joan"]
[Result "0-1"]
[WhiteElo "2438"]
[BlackElo "2072"]
[PlyCount "23"]
[EventDate "2008.08.01"]
[EventType "swiss"]
[EventRounds "9"]
[EventCountry "ESP"]
[SourceTitle "Ajedrez en Madrid"]
[Source "lmi"]
[SourceDate "2008.08.01"]
[SourceVersion "1"]
[SourceVersionDate "2018.07.18"]
[SourceQuality "1"]

1. e4 e5 2. d4 exd4 3. Qxd4 Qf6 4. Qe3 Bb4+ 5. Nc3 Ne7 6. Bd2 O-O 7. O-O-O d6
8. f4 Nbc6 9. Nf3 Bg4 10. h3 Bc5 11. Qe1 Bxf3 12. gxf3 0-1

[Event "34. Open Ciutat de Badalona 2008"]
[Site "Badalona ESP"]
[Date "2008.08.02"]
[Round "2.2"]
[White "Panchanathan, Magesh Chandran"]
[Black "Lasinskas, Povilas"]
[Result "1-0"]
[WhiteElo "2486"]
[BlackElo "2269"]
[PlyCount "62"]
[EventDate "2008.08.01"]
[EventType "swiss"]
[EventRounds "9"]
[EventCountry "ESP"]
[SourceTitle "Ajedrez en Madrid"]
[Source "lmi"]
[SourceDate "2008.08.01"]
[SourceVersion "1"]
[SourceVersionDate "2018.07.18"]
[SourceQuality "1"]

1. e4 c5 2. Nf3 a6 3. c3 d5 4. exd5 Nf6 5. d4 cxd4 6. cxd4 Nxd5 7. Nc3 g6 8.
Qb3 Nxc3 9. bxc3 Bg7 10. h4 h5 11. Bd3 Nc6 12. Ng5 e6 13. Ba3 Bf8 14. Bxf8 Kxf8
15. Be4 Na5 16. Qb4+ Kg7 17. O-O Bd7 18. c4 Rc8 19. Rac1 b5 20. cxb5 Rxc1 21.
Rxc1 axb5 22. d5 Nc4 23. dxe6 fxe6 24. a4 Qf8 25. Qxf8+ Rxf8 26. axb5 Rc8 27.
Bb7 Rb8 28. Bc6 Bxc6 29. bxc6 Nd6 30. Rd1 Ne8 31. c7 Ra8 1-0

[Event "34. Open Ciutat de Badalona 2008"]
[Site "Badalona ESP"]
[Date "2008.08.02"]
[Round "2.3"]
[White "Camino Carrio, Nicanor"]
[Black "Konguvel, Ponnuswamy"]
[Result "0-1"]
[WhiteElo "2196"]
[BlackElo "2415"]
[PlyCount "76"]
[EventDate "2008.08.01"]
[EventType "swiss"]
[EventRounds "9"]
[EventCountry "ESP"]
[SourceTitle "Ajedrez en Madrid"]
[Source "lmi"]
[SourceDate "2008.08.01"]
[SourceVersion "1"]
[SourceVersionDate "2018.07.18"]
[SourceQuality "1"]

1. e4 c5 2. Nf3 d6 3. d4 cxd4 4. Nxd4 Nf6 5. Nc3 e6 6. Be3 Be7 7. f3 O-O 8. Qd2
Nc6 9. O-O-O d5 10. exd5 Nxd5 11. Nxd5 Qxd5 12. Nxc6 Qxc6 13. Bd3 e5 14. Qa5
Qf6 15. h4 h6 16. Kb1 Bf5 17. Be4 Bxe4 18. fxe4 b6 19. Qb5 Rac8 20. g4 Qf3 21.
Qxe5 Qxe3 22. Qxe7 Rfe8 23. Qb7 Qe2 24. c3 Qxg4 25. Rde1 Rcd8 26. Rhf1 Rd7 27.
Qc6 Red8 28. a3 Qxh4 29. e5 Qg4 30. e6 fxe6 31. Rxe6 Rd1+ 32. Rxd1 Qxd1+ 33.
Ka2 Qd5+ 34. c4 Qxc6 35. Rxc6 h5 36. b4 h4 37. Rg6 Kf7 38. Rg4 Rh8 0-1

[Event "34. Open Ciutat de Badalona 2008"]
[Site "Badalona ESP"]
[Date "2008.08.02"]
[Round "2.4"]
[White "Chirivi C, Yenny Astrid"]
[Black "Karlsson, Lars"]
[Result "0-1"]
[WhiteElo "2211"]
[BlackElo "2476"]
[PlyCount "88"]
[EventDate "2008.08.01"]
[EventType "swiss"]
[EventRounds "9"]
[EventCountry "ESP"]
[SourceTitle "Ajedrez en Madrid"]
[Source "lmi"]
[SourceDate "2008.08.01"]
[SourceVersion "1"]
[SourceVersionDate "2018.07.18"]
[SourceQuality "1"]

1. d4 Nc6 2. Nf3 d5 3. c4 Bg4 4. cxd5 Bxf3 5. dxc6 Bxc6 6. Nc3 Nf6 7. f3 e6 8.
e4 Bb4 9. Bg5 Ba5 10. Bh4 Qd7 11. Qd3 O-O-O 12. O-O-O Rhg8 13. Bxf6 gxf6 14. d5
Qd6 15. g3 Qc5 16. Qc2 Bxc3 17. dxc6 Rxd1+ 18. Qxd1 Be5+ 19. Qc2 Qe3+ 20. Kb1
Rd8 21. cxb7+ Kb8 22. Ba6 Qxf3 23. Rf1 Qe3 24. Rd1 Rxd1+ 25. Qxd1 Qxe4+ 26. Ka1
Bd4 27. a3 f5 28. Qd2 Qh1+ 29. Ka2 Qd5+ 30. Kb1 Qc6 31. Qxd4 Qxa6 32. Qh8+ Kxb7
33. Qxh7 Qd3+ 34. Ka1 Qf1+ 35. Ka2 Qc4+ 36. Ka1 e5 37. Qxf5 e4 38. Qf4 Qd3 39.
h4 e3 40. Qf3+ Kb6 41. h5 Qd2 42. Qf6+ c6 43. h6 e2 44. Qf2+ Ka6 0-1

[Event "34. Open Ciutat de Badalona 2008"]
[Site "Badalona ESP"]
[Date "2008.08.02"]
[Round "2.7"]
[White "Almeida Toledano, Daniel"]
[Black "Moskalenko, Viktor"]
[Result "0-1"]
[WhiteElo "2303"]
[BlackElo "2569"]
[PlyCount "80"]
[EventDate "2008.08.01"]
[EventType "swiss"]
[EventRounds "9"]
[EventCountry "ESP"]
[SourceTitle "Ajedrez en Madrid"]
[Source "lmi"]
[SourceDate "2008.08.01"]
[SourceVersion "1"]
[SourceVersionDate "2018.07.18"]
[SourceQuality "1"]

1. e4 e6 2. d4 d5 3. Nd2 Nf6 4. e5 Nfd7 5. Bd3 c5 6. c3 Nc6 7. Ngf3 g6 8. O-O
Bg7 9. Re1 O-O 10. Nf1 cxd4 11. cxd4 Qb6 12. Bc2 f6 13. exf6 Nxf6 14. Bb3 Ng4
15. Be3 Nxe3 16. fxe3 Bd7 17. Ng3 Na5 18. Ne2 Nc4 19. Bxc4 dxc4 20. Qc2 Rac8
21. Kh1 Qd6 22. e4 b5 23. a3 a5 24. Rad1 b4 25. axb4 axb4 26. d5 exd5 27. Rxd5
Qe7 28. Ned4 Be6 29. Rb5 c3 30. e5 Bc4 31. Ra5 Qc7 32. Rea1 cxb2 33. Qxb2 Qb6
34. Nd2 Rfd8 35. Nxc4 Rxc4 36. Nf3 b3 37. R5a3 Rb8 38. h3 Rc2 39. Qd4 b2 40.
Qd5+ Kh8 0-1

[Event "34. Open Ciutat de Badalona 2008"]
[Site "Badalona ESP"]
[Date "2008.08.02"]
[Round "2.9"]
[White "Cuartas, Jaime Alexander"]
[Black "Cuartas Medina, Jorge Humberto"]
[Result "1/2-1/2"]
[WhiteElo "2495"]
[BlackElo "2302"]
[PlyCount "64"]
[EventDate "2008.08.01"]
[EventType "swiss"]
[EventRounds "9"]
[EventCountry "ESP"]
[SourceTitle "Ajedrez en Madrid"]
[Source "lmi"]
[SourceDate "2008.08.01"]
[SourceVersion "1"]
[SourceVersionDate "2018.07.18"]
[SourceQuality "1"]

1. e4 c5 2. Nf3 e6 3. c3 Nf6 4. e5 Nd5 5. d4 cxd4 6. cxd4 d6 7. a3 Nc6 8. Bc4
Nb6 9. Bd3 dxe5 10. dxe5 Nd7 11. Bf4 Nc5 12. Bc2 Qxd1+ 13. Kxd1 a5 14. Nc3 Be7
15. h4 O-O 16. Ke2 b6 17. Rhd1 Ba6+ 18. Ke3 h6 19. h5 Rfd8 20. Rxd8+ Rxd8 21.
Rd1 Rxd1 22. Nxd1 b5 23. Nd4 Nxd4 24. Kxd4 b4 25. axb4 axb4 26. b3 Nd7 27. f3
Bc5+ 28. Ke4 Bb7+ 29. Kd3 Ba6+ 30. Ke4 Bb7+ 31. Kd3 Ba6+ 32. Ke4 Bb7+ 1/2-1/2

[Event "34. Open Ciutat de Badalona 2008"]
[Site "Badalona ESP"]
[Date "2008.08.02"]
[Round "2.10"]
[White "Tscharotschkin, Michael"]
[Black "Pakleza, Zbigniew"]
[Result "0-1"]
[WhiteElo "2236"]
[BlackElo "2495"]
[PlyCount "130"]
[EventDate "2008.08.01"]
[EventType "swiss"]
[EventRounds "9"]
[EventCountry "ESP"]
[SourceTitle "Ajedrez en Madrid"]
[Source "lmi"]
[SourceDate "2008.08.01"]
[SourceVersion "1"]
[SourceVersionDate "2018.07.18"]
[SourceQuality "1"]

1. Nf3 d5 2. d4 Bf5 3. c4 e6 4. cxd5 exd5 5. Qb3 Nc6 6. Qxb7 Nb4 7. Na3 Bd6 8.
e4 dxe4 9. Ne5 Qb8 10. Qb5+ Qxb5 11. Bxb5+ Ke7 12. O-O Nf6 13. Bd2 Nfd5 14.
Bxb4 Nxb4 15. Nc6+ Kf6 16. Nxb4 Bxb4 17. Rac1 Rab8 18. Rc6+ Bd6 19. f3 Kg5 20.
g4 Be6 21. fxe4 Bxa3 22. bxa3 Rxb5 23. Rxc7 Rf8 24. Rxa7 Bxg4 25. Raxf7 Rxf7
26. Rxf7 Kg6 27. Rf2 Bh3 28. Rd2 Kf6 29. Kf2 Ra5 30. Rd3 Be6 31. Ke3 Bxa2 32.
Kf4 g5+ 33. Kg3 h5 34. Rc3 Ra6 35. h4 Be6 36. hxg5+ Kxg5 37. Rc5+ Kg6 38. Kf4
Rxa3 39. Rc6 Kf7 40. Rc7+ Kf8 41. d5 Bf7 42. Rc2 Ra4 43. Ke5 Rxe4+ 44. Kf6 Bxd5
45. Rc8+ Re8 46. Rc5 Bf7 47. Ra5 Re6+ 48. Kg5 Rg6+ 49. Kh4 Rg4+ 50. Kh3 Kg7 51.
Ra6 Re4 52. Rb6 Bg6 53. Kg3 Bf5 54. Ra6 h4+ 55. Kf3 Rg4 56. Ra2 Rb4 57. Kg2 Kf6
58. Kh2 Kg5 59. Rg2+ Rg4 60. Rb2 Re4 61. Ra2 Bg4 62. Kg1 Kf4 63. Ra3 Bf3 64.
Kf2 Re2+ 65. Kf1 Kg3 0-1

[Event "34. Open Ciutat de Badalona 2008"]
[Site "Badalona ESP"]
[Date "2008.08.02"]
[Round "2.11"]
[White "Cruz, Filemon"]
[Black "Vilaisarn, Akkhavanh"]
[Result "1/2-1/2"]
[WhiteElo "2416"]
[BlackElo "2231"]
[PlyCount "148"]
[EventDate "2008.08.01"]
[EventType "swiss"]
[EventRounds "9"]
[EventCountry "ESP"]
[SourceTitle "Ajedrez en Madrid"]
[Source "lmi"]
[SourceDate "2008.08.01"]
[SourceVersion "1"]
[SourceVersionDate "2018.07.18"]
[SourceQuality "1"]

1. c4 Nf6 2. Nf3 g6 3. Nc3 Bg7 4. g3 O-O 5. Bg2 d6 6. d4 c6 7. O-O Qb6 8. Qc2
Qa6 9. b3 Nbd7 10. a4 d5 11. cxd5 Nxd5 12. Nxd5 cxd5 13. Ba3 Re8 14. Rfe1 Nf6
15. Bf1 Qb6 16. a5 Qd8 17. Rec1 Bh6 18. e3 Bg4 19. Ne5 Rc8 20. Qd2 Rxc1 21.
Rxc1 a6 22. Nxg4 Nxg4 23. Bh3 Nf6 24. Qb4 e6 25. Qxb7 Qxa5 26. Bb4 Qa2 27. Rc8
Qxb3 28. Rxe8+ Nxe8 29. Qe7 Qa4 30. Bf1 a5 31. Bc5 Bg7 32. Qb7 Nf6 33. Qa8+ Qe8
34. Qxa5 h5 35. Bb5 Qb8 36. Qb6 Qxb6 37. Bxb6 Bf8 38. f3 Be7 39. h3 Bd6 40. Bd8
Kg7 41. Kf2 Bb8 42. g4 hxg4 43. hxg4 Bd6 44. Ke2 Ng8 45. Kd3 Nf6 46. Ba4 Ng8
47. e4 dxe4+ 48. fxe4 Kf8 49. Bg5 f5 50. gxf5 gxf5 51. e5 Be7 52. Bf4 Ba3 53.
Bb3 Kf7 54. d5 exd5 55. Bxd5+ Kg7 56. Be6 Ne7 57. Bg5 Kg6 58. Bf6 Nc6 59. Bd7
Nxe5+ 60. Bxe5 Bc1 61. Ke2 Bg5 62. Bg3 Kh6 63. Kf3 Bc1 64. Bd6 Kg5 65. Be7+ Kh6
66. Kg3 Kg7 67. Kg2 Bb2 68. Kh3 Ba1 69. Bc8 Kh6 70. Kh4 Kh7 71. Bxf5+ Kg7 72.
Kh5 Bb2 73. Bc2 Kh8 74. Bb3 Kh7 1/2-1/2

[Event "34. Open Ciutat de Badalona 2008"]
[Site "Badalona ESP"]
[Date "2008.08.03"]
[Round "3.2"]
[White "Rios, Alejandro"]
[Black "Panchanathan, Magesh Chandran"]
[Result "0-1"]
[WhiteElo "2340"]
[BlackElo "2486"]
[PlyCount "58"]
[EventDate "2008.08.01"]
[EventType "swiss"]
[EventRounds "9"]
[EventCountry "ESP"]
[SourceTitle "Ajedrez en Madrid"]
[Source "lmi"]
[SourceDate "2008.08.01"]
[SourceVersion "1"]
[SourceVersionDate "2018.07.18"]
[SourceQuality "1"]

1. e4 e5 2. Nf3 Nc6 3. Bc4 Nf6 4. d4 exd4 5. e5 d5 6. Bb5 Ne4 7. Nxd4 Bd7 8.
Bxc6 bxc6 9. O-O Bc5 10. f3 Ng5 11. f4 Ne4 12. Be3 Bb6 13. Nd2 Nxd2 14. Qxd2 c5
15. Nf3 d4 16. Bf2 Bc6 17. Bh4 Qd5 18. f5 Kd7 19. c4 Qxc4 20. e6+ Kc8 21. Ne5
Qd5 22. Nxf7 c4 23. Qg5 Rf8 24. Bf2 Kb7 25. Rae1 c3 26. bxc3 dxc3 27. Ne5 Rxf5
28. Qxg7 Rxf2 29. Rxf2 Qd2 0-1

[Event "34. Open Ciutat de Badalona 2008"]
[Site "Badalona ESP"]
[Date "2008.08.03"]
[Round "3.3"]
[White "Konguvel, Ponnuswamy"]
[Black "Buchenau, Frank"]
[Result "1-0"]
[WhiteElo "2415"]
[BlackElo "2335"]
[PlyCount "67"]
[EventDate "2008.08.01"]
[EventType "swiss"]
[EventRounds "9"]
[EventCountry "ESP"]
[SourceTitle "Ajedrez en Madrid"]
[Source "lmi"]
[SourceDate "2008.08.01"]
[SourceVersion "1"]
[SourceVersionDate "2018.07.18"]
[SourceQuality "1"]

1. e4 e6 2. d4 d5 3. Nc3 Nf6 4. e5 Nfd7 5. f4 c5 6. Nf3 Nc6 7. Be3 a6 8. Qd2 b5
9. a3 Qb6 10. Ne2 Qc7 11. dxc5 Nxc5 12. Ng3 Bb7 13. Bd3 Rd8 14. Qf2 d4 15. Nxd4
Nxd4 16. Bxd4 Nxd3+ 17. cxd3 Qc6 18. Ne4 Qd5 19. Bb6 Qxd3 20. Nd6+ Rxd6 21.
exd6 Bxd6 22. Rd1 Qe4+ 23. Qe3 Qc6 24. Rc1 Qxg2 25. Rg1 Qxh2 26. Rd1 Bxf4 27.
Rd8+ Ke7 28. Qc5+ Kf6 29. Qc3+ Be5 30. Rf1+ Kg6 31. Qd3+ f5 32. Rxh8 Be4 33.
Qd2 Bxb2 34. Rg1+ 1-0

[Event "34. Open Ciutat de Badalona 2008"]
[Site "Badalona ESP"]
[Date "2008.08.03"]
[Round "3.4"]
[White "Karlsson, Lars"]
[Black "Larsen, Karsten"]
[Result "1/2-1/2"]
[WhiteElo "2476"]
[BlackElo "2337"]
[PlyCount "89"]
[EventDate "2008.08.01"]
[EventType "swiss"]
[EventRounds "9"]
[EventCountry "ESP"]
[SourceTitle "Ajedrez en Madrid"]
[Source "lmi"]
[SourceDate "2008.08.01"]
[SourceVersion "1"]
[SourceVersionDate "2018.07.18"]
[SourceQuality "1"]

1. c4 g6 2. g3 Bg7 3. Bg2 e5 4. Nc3 d6 5. e3 f5 6. Nge2 Nf6 7. d4 O-O 8. b4 Qe8
9. O-O e4 10. f3 exf3 11. Bxf3 Nc6 12. b5 Nd8 13. Qd3 Ne6 14. Nd5 Nxd5 15. Bxd5
Kh8 16. Bd2 a6 17. b6 c6 18. Bg2 Ng5 19. Nc3 Bd7 20. a4 Qe7 21. a5 Rae8 22.
Rae1 Ne4 23. Nxe4 fxe4 24. Qa3 Rxf1+ 25. Rxf1 Rf8 26. Rxf8+ Bxf8 27. d5 c5 28.
Bc3+ Bg7 29. Qb2 Bxc3 30. Qxc3+ Kg8 31. Qc2 Bf5 32. h3 g5 33. Qc3 Qg7 34. Qxg7+
Kxg7 35. Bf1 Kf6 36. Be2 Ke5 37. Bd1 Bd7 38. Kf2 Kf6 39. Bh5 Kg7 40. Bd1 Kf6
41. Kg2 Ke5 42. Bc2 h5 43. Bd1 g4 44. hxg4 hxg4 45. Kf2 1/2-1/2

[Event "34. Open Ciutat de Badalona 2008"]
[Site "Badalona ESP"]
[Date "2008.08.03"]
[Round "3.8"]
[White "Ryan, Joseph"]
[Black "Panelo, Marcelo"]
[Result "0-1"]
[WhiteElo "2331"]
[BlackElo "2414"]
[PlyCount "90"]
[EventDate "2008.08.01"]
[EventType "swiss"]
[EventRounds "9"]
[EventCountry "ESP"]
[SourceTitle "Ajedrez en Madrid"]
[Source "lmi"]
[SourceDate "2008.08.01"]
[SourceVersion "1"]
[SourceVersionDate "2018.07.18"]
[SourceQuality "1"]

1. e4 c5 2. Nf3 d6 3. d4 cxd4 4. Nxd4 Nf6 5. Nc3 a6 6. Be3 e5 7. Nf3 Qc7 8. a4
h6 9. Nd2 Be6 10. Be2 Be7 11. O-O O-O 12. Re1 Nbd7 13. Nf1 Nb6 14. a5 Nc4 15.
Bxc4 Qxc4 16. Bb6 Qc6 17. f3 Bd8 18. Bf2 b5 19. Ne3 Rc8 20. Qd2 b4 21. Ncd5
Bxd5 22. exd5 Qb5 23. Qe2 Qxe2 24. Rxe2 Rc5 25. Rd2 Rxa5 26. Rxa5 Bxa5 27. Nf5
b3 28. c3 Rb8 29. Rd1 Bxc3 30. Ne7+ Kf8 31. Nc6 Rb5 32. bxc3 b2 33. Rb1 Nxd5
34. Be1 Ne3 35. Nb4 Nc4 36. Kf2 a5 37. Ke2 axb4 38. cxb4 Ke7 39. Kd3 d5 40. Kc3
Rb8 41. Kb3 Ra8 42. Bc3 Ra3+ 43. Kc2 d4 44. Bxb2 d3+ 45. Kd1 Rb3 0-1

[Event "34. Open Ciutat de Badalona 2008"]
[Site "Badalona ESP"]
[Date "2008.08.03"]
[Round "3.9"]
[White "Pakleza, Zbigniew"]
[Black "Hernandez, Ivan"]
[Result "1/2-1/2"]
[WhiteElo "2495"]
[BlackElo "2344"]
[PlyCount "60"]
[EventDate "2008.08.01"]
[EventType "swiss"]
[EventRounds "9"]
[EventCountry "ESP"]
[SourceTitle "Ajedrez en Madrid"]
[Source "lmi"]
[SourceDate "2008.08.01"]
[SourceVersion "1"]
[SourceVersionDate "2018.07.18"]
[SourceQuality "1"]

1. Nf3 d5 2. d4 Nf6 3. Bf4 c5 4. e3 Nc6 5. c3 e6 6. Nbd2 Bd6 7. Bg3 O-O 8. Bd3
b6 9. Ne5 Bb7 10. f4 Ne7 11. O-O Ne4 12. Qc2 f6 13. Nef3 f5 14. Qd1 a5 15. Qe2
c4 16. Bc2 b5 17. Bh4 Bc6 18. Ng5 Qd7 19. Ndf3 Ng6 20. Be1 b4 21. h4 bxc3 22.
bxc3 h6 23. Nh3 Ba4 24. Ne5 Nxe5 25. Bxa4 Qxa4 26. fxe5 Be7 27. Nf4 Qd7 28. Ng6
Rfe8 29. g4 Kh7 30. Nxe7 Qxe7 1/2-1/2